Návrh na odstránenie plytvania v procese regranulácie v Remarkplast Slovakia, s.r.o., Vráble

Gespeichert in:
Bibliographische Detailangaben
1. Verfasser: Paulovičová, Gabriela (Verfasst von)
Weitere Verfasser: Lestyánszka Škůrková, Katarína (Betreuung Doktorarbeit)
Format: Manuskript Buch
Sprache:Slowakisch
Veröffentlicht: 2025
Schlagworte:
Online-Zugang:http://is.stuba.sk/zp/portal_zp.pl?podrobnosti=186261
Tags: Tag hinzufügen
Keine Tags, Fügen Sie das erste Tag hinzu!

MARC

LEADER 00000ntm a22000003a 4500
001 stuzp104055
003 SK-STU
005 20250614212551.0
007 ta
008 150427s2015----xo-----f-mn---000-0-slo-d
040 |a STU  |b slo 
041 0 |a slo 
100 1 |a Paulovičová, Gabriela  |u 064000  |4 aut  |U MTF Materiálovotechnologická fakulta  |T MTF Ústav priemyselného inžinierstva a manažmentu  |X 103428  |U M4000  |Y 84  |7 103428 
242 0 1 |a Proposal for elimination of waste in the regranulation process in Remarkplast Slovakia, s.r.o., Vráble  |y eng 
245 1 0 |a Návrh na odstránenie plytvania v procese regranulácie v Remarkplast Slovakia, s.r.o., Vráble 
260 |c 2025 
650 4 |a PDCA  |2 eng 
650 4 |a 5S  |2 eng 
650 4 |a muda  |2 eng 
650 4 |a production process  |2 eng 
650 4 |a Lean management  |2 eng 
650 4 |a waste  |2 eng 
650 4 |a PDCA  |2 slo 
650 4 |a muda  |2 slo 
650 4 |a 5S  |2 slo 
650 4 |a výrobný proces  |2 slo 
650 4 |a Lean management  |2 slo 
650 4 |a plytvanie  |2 slo 
700 1 |a Lestyánszka Škůrková, Katarína  |u 064000  |k Z1  |4 ths  |U MTF Materiálovotechnologická fakulta  |T MTF Ústav priemyselného inžinierstva a manažmentu  |X 61397  |U M4000  |Y 84  |7 61397 
856 4 |u http://is.stuba.sk/zp/portal_zp.pl?podrobnosti=186261 
996 |c M* DP-15626  |l MMSKP  |s P  |a 0  |w stuzp104055_0001